Dirección de operaciones (Registro nro. 1571)

Detalles MARC
000 -LEADER
fixed length control field 01705 a2200253 4500
001 - CONTROL NUMBER
control field 27274
005 - DATE AND TIME OF LATEST TRANSACTION
control field 20260407155549.0
008 - FIXED-LENGTH DATA ELEMENTS--GENERAL INFORMATION
fixed length control field 260407a1995 arg spa d
003 - CONTROL NUMBER IDENTIFIER
control field AR-UNSa-BCEJYS
040 ## - CATALOGING SOURCE
Original cataloging agency AR-UNSa-BCEJYS
Language of cataloging spa
Transcribing agency AR-UNSa-BCEJYS
080 ## - UNIVERSAL DECIMAL CLASSIFICATION NUMBER
Universal Decimal Classification number 658.5
Common auxiliary subdivision Planificación y control de la producción<br/>
020 ## - INTERNATIONAL STANDARD BOOK NUMBER
International Standard Book Number 84-481-1803-0
100 1# - MAIN ENTRY--PERSONAL NAME
Personal name Dominguez Machuca, José Antonio
245 10 - TITLE STATEMENT
Title Dirección de operaciones
Name of part/section of a work Aspectos tácticos y operativos en la producción y los servicios
264 #1 - PRODUCTION, PUBLICATION, DISTRIBUTION, MANUFACTURE, AND COPYRIGHT NOTICE
Place of production, publication, distribution, manufacture Madrid :
Name of producer, publisher, distributor, manufacturer McGraw-Hill
Date of production, publication, distribution, manufacture, or copyright notice 1995
300 ## - PHYSICAL DESCRIPTION
Extent xxvii, 503 p.
Dimensions 25 cm.
505 ## - FORMATTED CONTENTS NOTE
Formatted contents note Parte I: Planificación, programación y control de las operaciones: 1. Introducción a la planificación y control de la producción - 2. Una introducción a la planificación y control de la capacidad - 3. Planificación agregada y programación maestra de la producción - 4. Los sistemas MRP(I): El MRP originario - 5. Los sistemas MRP(II): MRP versus MRP - 6. La filosofía justo a tiempo(I): Introducción, planificación y control - 7. La filosofía justo a tiempo (II): Adecuación del subsistema de operacions y otros aspectos de interés - 8. Tecnología de producción optimizada (OPT)y teoría de las limitaciones (TOC) - 9. Planificación y control a muy corto plazo - 10. Planificación, programación y control de proyectos - Parte II: Métodos operativos - Parte III: La Calidad: su gestión y control - Parte III: La gestión de stocks de productos terminados.
590 ## - LOCAL NOTE (RLIN)
Local note niveau_biblio:m niveau_hierar:0
700 1# - ADDED ENTRY--PERSONAL NAME
Personal name Garcia González, Santiago
700 1# - ADDED ENTRY--PERSONAL NAME
Personal name Ruíz Jiménez, Antonio
700 1# - ADDED ENTRY--PERSONAL NAME
Personal name Domínguez Machuca, Miguel Angel
700 1# - ADDED ENTRY--PERSONAL NAME
Personal name Alvarez Gil, María José
942 ## - ADDED ENTRY ELEMENTS (KOHA)
Koha item type
Existencias
Withdrawn status Lost status Damaged status Not for loan Home library Current library Shelving location Date acquired Total checkouts Full call number Barcode Date last seen Price effective from Koha item type
        Biblioteca Prof. Eusebio Cleto del Rey Biblioteca Prof. Eusebio Cleto del Rey   07/04/2026   658.5 D598 L65230 07/04/2026 07/04/2026 Libro
        Biblioteca Prof. Eusebio Cleto del Rey Biblioteca Prof. Eusebio Cleto del Rey   07/04/2026   658.5 D598 L65234 07/04/2026 07/04/2026 Libro
        Biblioteca Prof. Eusebio Cleto del Rey Biblioteca Prof. Eusebio Cleto del Rey   07/04/2026   658.5 D598 L65232 07/04/2026 07/04/2026 Libro
        Biblioteca Prof. Eusebio Cleto del Rey Biblioteca Prof. Eusebio Cleto del Rey   07/04/2026   658.5 D598 L65238 07/04/2026 07/04/2026 Libro
        Biblioteca Prof. Eusebio Cleto del Rey Biblioteca Prof. Eusebio Cleto del Rey   07/04/2026   658.5 D598 L65236 07/04/2026 07/04/2026 Libro
        Biblioteca Prof. Eusebio Cleto del Rey Biblioteca Prof. Eusebio Cleto del Rey   07/04/2026   658.5 D598 L65231 07/04/2026 07/04/2026 Libro
        Biblioteca Prof. Eusebio Cleto del Rey Biblioteca Prof. Eusebio Cleto del Rey   07/04/2026   658.5 D598 L65233 07/04/2026 07/04/2026 Libro
        Biblioteca Prof. Eusebio Cleto del Rey Biblioteca Prof. Eusebio Cleto del Rey   07/04/2026   658.5 D598 L65229 07/04/2026 07/04/2026 Libro
        Biblioteca Prof. Eusebio Cleto del Rey Biblioteca Prof. Eusebio Cleto del Rey   07/04/2026   658.5 D598 L65235 07/04/2026 07/04/2026 Libro